000 00321nam a22001337a 4500
008 181019b xxu||||| |||| 00| 0 eng d
020 _a9781605477275
041 _aeng
080 _25 ED
_a610.73
100 _a2
101 _aINF
245 _aPsychiatric Nursing Contemporary Practice
_cMary.a.B
942 _2udc
_cBK
999 _c50233
_d50233